Match Uralic Languages to their Subfamilies [HARD] - Statistics

General Stats
  • This quiz has been taken 3 times
  • The average score is 39 of 70
Answer Stats
Hint Answer % Correct
Finnish Finnic
100%
Karelian Finnic
100%
Ingrian Finnic
100%
Livonian Finnic
100%
Ludic Finnic
100%
Veps Finnic
100%
Estonian Finnic
100%
Võro Finnic
100%
Hungarian Magyar
100%
Mari Mari
100%
Permyak Permic
100%
Inari Sámi
100%
Pite Sámi
100%
Ume Sámi
100%
Lule Sámi
100%
Northern Sámi Sámi
100%
Skolt Sámi
100%
Southern Sámi Sámi
100%
Nenets Samoyedic
100%
Nganasan Samoyedic
100%
Hevaha † Finnic
50%
Kukkuzi † Finnic
50%
Livvi Finnic
50%
Kven Finnic
50%
Votic Finnic
50%
Seto Finnic
50%
Orodezhi † Finnic
50%
Kozymodemyan Mari
50%
Yaran Mari
50%
Shoksha Mordvinic
50%
Moksha Mordvinic
50%
Erzya Mordvinic
50%
Konda † Ob-Ugric
50%
Lozva Ob-Ugric
50%
Khanty Ob-Ugric
50%
Mansi Ob-Ugric
50%
Vishera † Ob-Ugric
50%
Vagilsk Ob-Ugric
50%
Vychegda Permic
50%
Zyryan Permic
50%
Basermyan Permic
50%
Udora † Permic
50%
Syktyvkar Permic
50%
Sysola Permic
50%
Luza-Letka Permic
50%
Yodzyak Permic
50%
Udmurt Permic
50%
Ter Sámi
50%
Akkala Sámi
50%
Kainuu † Sámi
50%
Kildin Sámi
50%
Enets Samoyedic
50%
Kamas † Samoyedic
50%
Mator † Samoyedic
50%
Selkup Samoyedic
50%
Muromian † Unclassified
50%
Merya † Unclassified
50%
Leivu † Finnic
0%
Krevinian † Finnic
0%
Pelym Ob-Ugric
0%
Tagil † Ob-Ugric
0%
Jukonda † Ob-Ugric
0%
Tavda † Ob-Ugric
0%
Tura † Ob-Ugric
0%
Komi Permic
0%
Izhma Permic
0%
Vym Permic
0%
Pechora † Permic
0%
Kemi † Sámi
0%
Meshchera † Unclassified
0%
No matching quizzes found
Score Distribution
Percent of People with Each Score
Percentile by Number Answered
Your Score History
You have not taken this quiz